00361nam a2200121Ia 4500008004100000020002200041041000800063082002100071100005400092245003300146260005100179300000900230230314s9999 xx 000 0 und d a978-93-88902-73-1 aeng aA/611/GAR/B09174 aGarg Krishna Mittal PS & Chandrupatta Mrudula Ed. aB D Chaurasias Human Anatomy bCBS Publishers & DistributorsaNew Delhic2020 a354p